Reglamentación y normas técnicas para el diseño eléctrico residencial

Salvato in:
Dettagli Bibliografici
Autore principale: Carballo Alvarez, Alexander
Natura: Libro
Pubblicazione: San José, Costa Rica 1989
Soggetti:
Tags: Aggiungi Tag
Nessun Tag, puoi essere il primo ad aggiungerne!!

MARC

LEADER 00000nam a2200000Ia 4500
003 006087
005 20221231144315.0
008 140114s1993 cr a m 000 ||s d
040 |c cru CEDI 
090 |a TFG 2764 
100 |a Carballo Alvarez, Alexander  |9 12016 
245 |a Reglamentación y normas técnicas para el diseño eléctrico residencial 
260 |c 1989  |a San José, Costa Rica 
300 |a  viii,69 hojas : ilustraciones  
500 |a  Proyecto de graduación (bachillerato en ingeniería eléctrica) - Universidad de Costa Rica. Facultad de Ingeniería. Escuela de Ingeniería Eléctrica 
650 |x INSTALACIONES ELECTRICAS - EQUIPO ELECTRICO  |9 12017 
942 |c TFG 
999 |c 19903  |d 19903